| 000 | 00825nam a22001577a 4500 | ||
|---|---|---|---|
| 003 | OSt | ||
| 005 | 20151007143910.0 | ||
| 008 | 151007b xxu||||| |||| 00| 0 eng d | ||
| 040 | _cRUA | ||
| 082 | _aAVM TEN 2006 B077 Or.1 | ||
| 100 |
_92279 _aTENG SAM ATH |
||
| 245 | _aThe replacing of dried fish by dried cassava top meal on digestibility of pekin duck at rua, (លទ្អភាពរំលាយអាហាររបស់ទាប៉េកំាងដោយប្រើប្រាស់ត្រួួយស្លឹកដំឡូងមីក្រៀមជំនួសត្រីហាលក្នុងចំណីផ្សំ នៅសាកលវិទ្យាល័យភូមិន្ទកសិកម្ម) | ||
| 260 |
_aphnom penh _brua _c2006 |
||
| 300 |
_axiii, 48p. _bill. _c29cm. |
||
| 942 |
_2ddc _cAVM |
||
| 999 |
_c2148 _d2148 |
||